1337 1798 1035 1517 1371 1754 1153 1600 1463 1039 1515 1181 1471 1351 1726 1483 1906 1779 1545 1481 1659 1495 1020 1433 1796 1146 1007 1194 1038 1382 1282 1827 1145 1130 1901 1606 1845 1373 1195 1349 1279 1302 1824 1764 1042 1627 1011 1513 1059 1848 1253 1520 1554 1965 1699 1742 1810 1264 1541 1496 1173 1908 1576 1342 1063 1595 1644 1416 1007 1948 1693 1685 1733 1136 1976 1858 1755 1335 1186 1967 1867 1567 1676 1709 1362 1390 1345 1559 1022 1352 1327 1148 1975 1413 1160 1411 1941 1538 1961 BCNSPRNW ULIB Ver.6.0+V

เปลี่ยนเป็นภาษาไทย

Change to English
 แสดงรายละเอียดบรรณานุกรม
  กลับหน้าหลัก

Brief Record : Get Marc (ISO 2709) : E-mail record : QR code < ปิดหน้าต่าง
LEADER : 00000nam 2200000uu 4500
001    13399128408
003     ULIB
008    230815s2565||||th 000 0 tha d
020    ^a9786165907903
060 04 ^aWS460^bพ887ก
100 0  ^aเพ็ญนภา กุลนภาดล
245 10 ^aการให้การปรึกษาวัยรุ่น =^bAdolescent counseling /^cเพ็ญนภากุลนภาดล
246 31 ^aAdolescent counseling
250    ^aพิมพ์ครั้งที่ 5 ฉบับปรับปรุงครั้งที่ 4
260    ^aชลบุรี :^bภาควิชาวิจัยและจิตวิทยาประยุกต์ คณะศึกษาศาสตร์มหาวิทยาลัยบูรพา,^c2565
300    ^a199 หน้า :^bภาพประกอบ ;^c25 ซม.
650  4 ^aการแก้ปัญหาในวัยรุ่น
650  4 ^aจิตวิทยาวัยรุ่น
650  4 ^aวัยรุ่น^xการให้คำปรึกษา
710 2  ^aมหาวิทยาลัยบูรพา.^bคณะศึกษาศาสตร์.^bภาควิชาวิจัยและจิตวิทยาประยุกต์
945    ^p200^l0^i010096
945    ^p200^l0^i010097
945    ^p200^l0^i010098
999    ^aประนอม เกษจรัล
รายการนี้ยังไม่มีแท็ก
คุณยังไม่ได้ล็อกอิน คุณสามารถมีกิจกรรมร่วมกับเว็บไซต์ได้ แต่ต้องล็อกอินก่อน ::
  ล็อกอิน

รายการสื่อสารสนเทศ

ลำดับที่ ประเภท เลขเรียก/บาร์โค้ด สถานที่ สถานะ
1. วิทยาศาสตร์การแพทย์ และสุขภาพ
หนังสือสำรอง
สถานะ=หนังสือสำรอง
WS460 พ887ก ฉ.1 
  Barcode: 010096
ห้องสมุดวิทยาเขตสวรรค์ประชารักษ์
►หนังสือทั่วไป
บนชั้น
2. วิทยาศาสตร์การแพทย์ และสุขภาพ
วิทยาศาสตร์การแพทย์ และสุขภาพ
WS460 พ887ก ฉ.2 
  Barcode: 010097
ห้องสมุดวิทยาเขตสวรรค์ประชารักษ์
►หนังสือทั่วไป
บนชั้น
3. วิทยาศาสตร์การแพทย์ และสุขภาพ
วิทยาศาสตร์การแพทย์ และสุขภาพ
WS460 พ887ก ฉ.3 
  Barcode: 010098
ห้องสมุดวิทยาเขตสวรรค์ประชารักษ์
►หนังสือทั่วไป
บนชั้น

รายการใกล้เคียง
    ผู้แต่ง [เพ็ญนภา กุลนภาดล]

    หัวเรื่อง [การแก้ปัญหาในวัยรุ่น]
    หัวเรื่อง [จิตวิทยาวัยรุ่น]

BibComment


ยังไม่เคยถูกคอมเมนท์

คอมเมนท์ทรัพยากรรายการนี้
  คอมเมนท์: การให้การปรึกษาว..


 Copyright 2026. Bcnsprnw @Library